Car Quiz (Old School) - Statistics

General Stats
  • This quiz has been taken 72 times
  • The average score is 7 of 16
Answer Stats
Picture Answer % Correct
Volkswagen
88%
Mercedes-Benz
86%
Ford
74%
Land Rover
70%
Bentley
49%
Porsche
47%
Morris
46%
Morgan
42%
Chrysler
40%
Toyota
40%
Pontiac
37%
Triumph
32%
Peugeot
30%
Oldsmobile
26%
Volvo
25%
Renault
18%
No matching quizzes found
Score Distribution
Percent of People with Each Score
Percentile by Number Answered
Your Score History
You have not taken this quiz